The student writer : Editor and critic

Uloženo v:
Podrobná bibliografie
Hlavní autor:  Clouse, Barbara Fine
Médium: Sách
Jazyk:Undetermined
Vydáno:  McGraw-Hill  2006
Témata:
Tagy: Přidat tag
Žádné tagy, Buďte první, kdo otaguje tento záznam!
Thư viện lưu trữ: Trung tâm Thư viện - Trường Đại học Công nghiệp TP. Hồ Chí Minh
LEADER 00486nam a2200157Ia 4500
001 UIH_05487
008 231011s9999 xx 000 0 und d
082 |a  808.042 
100 |a  Clouse, Barbara Fine 
245 0 |a  The student writer : Editor and critic 
245 0 |c  Clouse, Barbara Fine 
260 |b  McGraw-Hill 
260 |c  2006 
650 |a  Tu từ học;  
927 |a Sách 
980 |a Trung tâm Thư viện - Trường Đại học Công nghiệp TP. Hồ Chí Minh